000 01290aab a2200193 i 4500
001 768714001
003 CO-MdFUSB
005 20221025160617.0
008 221025s2004 sp ||||| |||| 00| 0 spa d
040 _bspa
_cCO-MdFUSB
_dCO-MdFUSB
041 _aspa
100 1 _aMcFague, Sallie
_eautor
245 1 0 _aImaginando a Dios y un "mundo diferente"
_c/ Sallie McFague
300 _aNúmero 308, (Noviembre, 2004), Páginas 47-58
_c; 21 cm
520 _aCuando despertamos al misterio que nos rodea, a su belleza y su violencia, nos preguntamos por qué estamos aqui. "Pareciera como si se nos hubiera dejado precisamente aquí... y nadie sabe el porqué". Y así es. La mayoría de las religiones tratan de sugerir respuestas a esta pregunta, que es terrible mente difícil. Una cuestión más inmediata, en cierto modo más fácil, es la siguiente ¿Dónde estamos? como Annie Dillard sugiere, "nuestra intención originaria", tal como prueba el interés de un niño que se sorprende por todo, es "explorar las cercanías... descubrir dónde está la razón por la que hemos sido llamativamente dejados, aún cunado no podamos saber el porqué"
650 7 _9251
_aCreación
773 0 _tConcilium
_049450
_960407
_gNúmero 308, (Noviembre, 2004), Páginas 47-58
_qPáginas 47
942 _cANA
999 _c61077
_d61077